Použitie inteligentných dopravných systémov v cestných tuneloch v SR

Inteligentné dopravné systémy v podmienkach Slovenskej republiky. Použitie inteligentných dopravných systémov v cestných tuneloch. Tvorba nových dopravných spojení a rozširovanie kapacít existujúcich dopravných spojení.

Saved in:
Bibliographic Details
Main Author: Matis, Peter
Other Authors: Spalek, Juraj
Format: Book Chapter
Language:Slovak
Subjects:
Tags: Add Tag
No Tags, Be the first to tag this record!

MARC

LEADER 00000naa a2200000 4500
001 0157502
005 20231018105805.7
041 0 |a slo 
044 |a SK 
245 1 0 |a Použitie inteligentných dopravných systémov v cestných tuneloch v SR  |c Peter Matis, Juraj Spalek 
520 |a Inteligentné dopravné systémy v podmienkach Slovenskej republiky. Použitie inteligentných dopravných systémov v cestných tuneloch. Tvorba nových dopravných spojení a rozširovanie kapacít existujúcich dopravných spojení. 
610 2 0 |a doprava cestná 
610 2 0 |a technológie informačné 
610 2 0 |a technológie komunikačné 
610 2 0 |a telematika 
610 2 0 |a tunely 
100 1 |a Matis, Peter 
700 1 |a Spalek, Juraj